000 01098nam a2200277Ia 4500
005 20220317001136.0
008 160825s2008 ck a g 000 0 spa
020 _a97895830108012
082 0 4 _a745.1028
_bQ83d1
100 1 _aQuintero Ovalle, Zandra
245 1 0 _aDecorar con chocolate ; Recetas de la abuela
_credacción Zandra Quintero Ovalle
250 _a1a. edición
_b1a. reimpresión
300 _a18 páginas
_bilustraciones en fotografías en color
_c28 cm
490 _aManos maestras
505 _aPimentones en conserva -- Peras anisadas al jengibre -- Mermelada de naranja -- Para esparcir y decorar -- Hojas y canasticas de chocolate -- Filigranas de chocolate
650 1 4 _2LEMB
_aChocolate (Cocina)
650 1 4 _2LEMB
_aRepostería (Cocina)
650 1 4 _2LEMB
_aConservas alimenticias
700 1 _aGonzález, Jorge H.
_efotógrafo
_966713
942 _2ddc
_cBK
264 _aBogotá
_bPanamericana
_c2008
336 _atexto
_btxt
_2rdacontent
337 _asin mediación
_bn
_2rdamedia
338 _avolumen
_bnc
_2rdacarrier
040 _aCO-BoRNBP
_bspa
_erda
_cCO-BoRNBP
999 _c6054
_d6054